| LEADER 00000nam 2200000uu 4500 |
| 008 110222s2553||||th 000 0 tha d |
| 060 0 วจ WY 18 ท315พ 2553
|
| 100 0 ^aทองสวย สีทานนท์.
|
| 245 00 ^aรายงานวิจัยเรื่อง พฤติกรรมการดูแลแบบเอื้ออาทรของอาจารย์พยาบาลตามการรับรู้ของนักศึกษาหลักสูตรพยาบาลศาสตรบัณฑิตในโครงการผลิตพยาบาลวิชาชีพเพิ่มเพื่อแก้ไขปัยหาจังหวัดชายแดนภาคใต้และโครงการปกติวิทยาลัยพยาบาลพระปกเกล้า จันทบุรี/^bทองสวย สีทานนท์,ยศพล เหลืองโสมนภา.
|
| 260 ^aจันทบุรี : ^bวิทยาลัยพยาบาลพระปกเกล้า จันทบุรี,^c2553.
|
| 300 ^aจำนวน 80 หน้า ;^bภาพประกอบ.
|
| 650 0 ^aอาจารย์พยาบาล - - ^xพฤติกรรมการดูแลแบบเอื้ออาทร.
|
| 650 0 ^aการรับรู้ของนักศึกษา - - ^xอาจารย์พยาบาล.
|
| 650 0 ^aพฤติกรรมการดูแลแบบเอื้ออาทร - - ^xวิจัย.
|
| 700 0 ^aยศพล เหลืองโสมนภา.
|
| 710 1 ^aวิทยาลัยพยาบาลพระปกเกล้า จันทรบุรี.
|
| 999 ^aใช้งานได้ทุกระบบ
|